| 000 | 00569cam a22002172a 4500 | ||
|---|---|---|---|
| 001 | 024096 | ||
| 003 | AR-FADEU | ||
| 008 | 311216n1978####xxu####################dd | ||
| 020 | _a92-3-301512-2 | ||
| 092 |
_a307.2 _bF314 _eBDT |
||
| 100 | _aFeliciano, Gloria D. | ||
| 245 | _aInvestigación en materia de comunicación sobre población | ||
| 260 | _aParís | ||
| 260 | _bUnesco | ||
| 260 | _c1978 | ||
| 300 | _a93 p | ||
| 440 |
_aManuales sobre comunicación y población _n3 |
||
| 500 | _aIncluye bibliografía | ||
| 650 | _aPOBLACION/BDT/ | ||
| 942 | _cBDT | ||
| 999 |
_c29786 _d29786 |
||